Libre de los fragmentos / (Record no. 107322)

MARC details
000 -LEADER
campo de control de longitud fija 00514nam a2200193 4500
001 - NÚMERO DE CONTROL
campo de control 107322
003 - IDENTIFICADOR DE NÚMERO DE CONTROL
campo de control ES-MaACL
007 - CAMPO FIJO DE DESCRIPCIÓN FÍSICA--INFORMACIÓN GENERAL
campo de control de longitud fija t|
008 - DATOS DE LONGITUD FIJA--INFORMACIÓN GENERAL
campo de control de longitud fija 061121s1983 sp r ||||1| spa d
100 1# - ENTRADA PRINCIPAL--NOMBRE DE PERSONA
Nombre de persona Morón, Guillermo.
9 (RLIN) 83638
245 10 - MENCIÓN DEL TÍTULO
Título Libre de los fragmentos /
Mención de responsabilidad, etc. Guillermo Morón.
250 ## - MENCION DE EDICION
Mención de edición 2ª. ed.
260 ## - PUBLICACIÓN, DISTRIBUCIÓN, ETC.
Lugar de publicación, distribución, etc. Barcelona :
Nombre del editor, distribuidor, etc. Argos Vergara,
Fecha de publicación, distribución, etc. 1983.
300 ## - DESCRIPCIÓN FÍSICA
Extensión 270 p. ;
Dimensiones 20 cm.
490 1# - MENCIÓN DE SERIE
Mención de serie En línea
830 0# - PUNTO DE ACCESO ADICIONAL DE SERIE-TÍTULO UNIFORME
Título uniforme En línea
9 (RLIN) 185682
852 ## - LOCALIZACIÓN
Ubicación ES-MaACL
Número de control de estantería L-5164
Sublocalización o colección R.105641
Holdings
Estatus retirado Estado de pérdida Estado de daño No para préstamo Biblioteca de origen Biblioteca actual Ubicación en estantería Fecha de adquisición Fuente de adquisición Total de préstamos Signatura topográfica completa Código de barras Visto por última vez Precio de reemplazo Tipo de ítem Koha
        Biblioteca del Ateneo de Madrid Biblioteca del Ateneo de Madrid Depósito 2 17/01/2008     L-5164 1112011 23/02/2023 23/02/2023 Libro impreso